| 000 | 01582nam a2200253Ia 4500 | ||
|---|---|---|---|
| 999 |
_c51643 _d51643 |
||
| 001 | 18634 | ||
| 003 | GE_BSU | ||
| 005 | 20220920112729.0 | ||
| 008 | 181216s2012||||ge |||||||||||||| ||geo|| | ||
| 040 | _cGE_BSU | ||
| 041 | _ageo | ||
| 080 | _a37 გ-96 | ||
| 100 |
_aგურგენიძე, მარინე _95032 |
||
| 245 |
_aჯანსაღი თაობის აღზრდის ხელშემწყობი კომპეტენციები და სკოლის ექიმის მომზადების აუცილებლობა : დისერტაცია / _cმარინე გურგენიძე; სამეცნიერო ხელმძღვანელი რ.დ. სურმანიძე. ი.ა. ბიბილეიშვილი. |
||
| 264 |
_aბათუმი, _c2012. |
||
| 300 |
_a200 გვ.; _b30 სმ. |
||
| 653 | _aდისერტაცია | ||
| 653 | _aპედაგოგიკა | ||
| 653 | _aჯანსაღი თაობის აღზრდის ხელშემწყობი კომპეტენციები და სკოლის ექიმის მომზადების აუცილებლობა. | ||
| 700 |
_aსურმანიძე, რ.დ. _eსამეცნიერო ხელმძღვანელი _911666 |
||
| 700 |
_aბიბილეიშვილი, ი.ა. _eსამეცნიერო ხელმძღვანელი _911667 |
||
| 710 |
_aბსუ _911668 |
||
| 942 |
_cBK _2udc |
||